[Event "IECC Swiss email"]
[Site "IECC email"]
[Date "1999.07.12"]
[Round "?"]
[White "King, Gary"]
[Black "Pivirotto, Filiberto"]
[Result "0-1"]
[WhiteElo "1075"]
[BlackElo "1217"]
[PlyCount "46"]
[EventDate "1999.??.??"]
[EventType "tourn (corr)"]
[EventRounds "6"]
[SourceTitle "Corr 2008"]
[Source "ChessBase"]
[SourceDate "2008.06.24"]
[SourceVersion "1"]
[SourceVersionDate "2008.06.24"]
[SourceQuality "1"]

1. e4 e6 2. d4 d5 3. Nc3 Bb4 4. e5 c5 5. Qg4 Ne7 6. Qxg7 Rg8 7. Qxh7 cxd4 8. a3 Bxc3+ 9. bxc3 dxc3 10. Nf3 Nbc6 11. Bg5 a6 12. Qxg8+ Nxg8 13. Bxd8 Kxd8 14. h4 b5 15. g4 Bb7 16. g5 Rc8 17. h5 Nge7 18. Bd3 Nf5 19. Bxf5 exf5 20. Rd1 Ne7 21. h6 Kc7 22. e6 fxe6 23. Ne5 f4 0-1

[Event "IECC CL7-1999.17"]
[Site "IECC email"]
[Date "1999.03.28"]
[Round "?"]
[White "King, Gary"]
[Black "Karlsson, Roger"]
[Result "1-0"]
[WhiteElo "1005"]
[BlackElo "936"]
[PlyCount "113"]
[EventDate "1999.??.??"]
[EventType "tourn (corr)"]
[EventRounds "4"]
[SourceTitle "Corr 2008"]
[Source "ChessBase"]
[SourceDate "2008.06.24"]
[SourceVersion "1"]
[SourceVersionDate "2008.06.24"]
[SourceQuality "1"]

1. e4 e5 2. Nf3 Nc6 3. Bb5 Nf6 4. Nc3 Bc5 5. 0-0 0-0 6. d3 h6 7. Nd5 Nd4 8. Bc4 c6 9. Nxf6+ Qxf6 10. Nxd4 exd4 11. Qe2 d5 12. exd5 Qg6 13. dxc6 Bh3 14. Qe4 Qxe4 15. dxe4 Be6 16. Bxe6 fxe6 17. cxb7 Rab8 18. Rd1 Rxb7 19. Rd2 Rbf7 20. f3 e5 21. Rd3 g5 22. Bd2 Rb8 23. b3 a5 24. Bxa5 Rd7 25. Be1 Re8 26. b4 Bb6 27. a4 Rc8 28. a5 Ba7 29. Ra2 Rb7 30. a6 Rbb8 31. Kf1 Kg7 32. c3 Kf6 33. cxd4 exd4 34. Ra5 Rc1 35. Ke2 Rbc8 36. Bf2 R8c4 37. Rf5+ Ke6 38. Rd5 Rxb4 39. Bxd4 Bxd4 40. R3xd4 Rxd4 41. Rxd4 Ra1 42. Kf2 Rxa6 43. Kg3 Kf6 44. h4 gxh4+ 45. Kxh4 Ke5 46. Rd3 Rg6 47. g3 h5 48. Rd5+ Ke6 49. Rxh5 Kf6 50. f4 Rg8 51. g4 Ke6 52. Rh6+ Kf7 53. e5 Re8 54. Kg5 Kg7 55. e6 Re7 56. f5 Re8 57. f6+ 1-0

[Event "IECC CL7-1999.13"]
[Site "IECC email"]
[Date "1999.02.20"]
[Round "?"]
[White "King, Gary"]
[Black "Oliveira, Ricardo Jorge GB"]
[Result "1-0"]
[WhiteElo "999"]
[BlackElo "1094"]
[PlyCount "85"]
[EventDate "1999.??.??"]
[EventType "tourn (corr)"]
[EventRounds "4"]
[SourceTitle "Corr 2008"]
[Source "ChessBase"]
[SourceDate "2008.06.24"]
[SourceVersion "1"]
[SourceVersionDate "2008.06.24"]
[SourceQuality "1"]

1. e4 e5 2. Bb5 c6 3. Ba4 Qa5 4. Nc3 Nf6 5. Qf3 Na6 6. Nge2 Nc5 7. Bb3 Nxb3 8. cxb3 Bc5 9. 0-0 0-0 10. d3 Ne8 11. a3 f5 12. exf5 d5 13. b4 Bxb4 14. Bd2 Bd6 15. g4 Qb6 16. b4 a5 17. Na4 Qd8 18. bxa5 Bc7 19. Nb6 h5 20. h3 hxg4 21. hxg4 Bxb6 22. axb6 Qxb6 23. Rfb1 Qd8 24. Qg3 Nf6 25. Bc3 e4 26. Bxf6 Qxf6 27. dxe4 dxe4 28. Qb3+ Rf7 29. Ng3 b5 30. Nxe4 Qe7 31. Re1 Ra4 32. f3 Bd7 33. Qe3 Qh4 34. Rad1 Bc8 35. Re2 Qe7 36. Nd6 Qxe3+ 37. Rxe3 Rf8 38. Nxc8 Rxc8 39. Rd7 Kf8 40. Ree7 Rxa3 41. Rf7+ Ke8 42. Rde7+ Kd8 43. Rb7 1-0